東京ディズニーリゾートのアトラクション - Statistics

General Stats
  • This quiz has been taken 368 times
  • The average score is 19 of 68
Answer Stats
Hint Answer % Correct
東京ディズニーランド クリッターカントリー スプラッシュ・マウンテン
86%
東京ディズニーランド ビッグサンダー・マウンテン
81%
東京ディズニーランド スペース・マウンテン
75%
東京ディズニーシー タワー・オブ・テラー
67%
東京ディズニーランド プーさんのハニーハント
65%
東京ディズニーランド イッツ・ア・スモールワールド
62%
東京ディズニーランド ホーンテッドマンション
61%
東京ディズニーランド カリブの海賊
59%
東京ディズニーランド ジャングルクルーズ:ワイルドライフ・エクスペディション
56%
東京ディズニーランド アドベンチャーランド ウエスタンリバー鉄道
55%
東京ディズニーシー センター・オブ・ジ・アース
54%
東京ディズニーシー ミステリアスアイランド 海底2万マイル
52%
東京ディズニーシー トイ・ストーリー・マニア!
50%
東京ディズニーシー レイジングスピリッツ
50%
東京ディズニーシー アメリカンウォーターフロント タートル・トーク
49%
東京ディズニーシー メディテレーニアンハーバー ソアリン:ファンタスティック・フライト
47%
東京ディズニーランド トゥモローランド スター・ツアーズ:ザ・アドベンチャーズ・コンティニュー
45%
東京ディズニーシー ポートディスカバリー アクアトピア
41%
東京ディズニーランド 空飛ぶダンボ
30%
東京ディズニーランド スティッチ・エンカウンター
30%
東京ディズニーランド バズ・ライトイヤーのアストロブラスター
30%
東京ディズニーランド ワールドバザール オムニバス
29%
東京ディズニーランド ファンタジーランド アリスのティーパーティー
29%
東京ディズニーランド ミッキーのフィルハーマジック
29%
東京ディズニーシー マジックランプシアター
29%
東京ディズニーランド 魅惑のチキルーム:スティッチ・プレゼンツ“アロハ・エ・コモ・マイ!”
28%
東京ディズニーランド カントリーベア・シアター
28%
東京ディズニーランド トゥーンタウン ガジェットのゴーコースター
28%
東京ディズニーランド ミニーの家
28%
東京ディズニーランド ベイマックスのハッピーライド
26%
東京ディズニーランド トムソーヤ島いかだ
25%
東京ディズニーランド 蒸気船マークトウェイン号
23%
東京ディズニーランド キャッスルカルーセル
23%
東京ディズニーランド ペニーアーケード
22%
東京ディズニーランド ロジャーラビットのカートゥーンスピン
22%
東京ディズニーランド ピーターパン空の旅
21%
東京ディズニーシー ヴェネツィアン・ゴンドラ
21%
東京ディズニーランド 白雪姫と七人のこびと
20%
東京ディズニーランド 美女と野獣“魔法のものがたり”
19%
東京ディズニーシー アラビアンコースト キャラバンカルーセル
19%
東京ディズニーシー ジャスミンのフライングカーペット
19%
東京ディズニーシー ロストリバーデルタ インディ・ジョーンズ®・アドベンチャー: クリスタルスカルの魔宮
18%
東京ディズニーランド スイスファミリー・ツリーハウス
17%
東京ディズニーランド ピノキオの冒険旅行
17%
東京ディズニーランド モンスターズ・インク“ライド&ゴーシーク!”
15%
東京ディズニーシー マーメイドラグーンシアター
15%
東京ディズニーシー シンドバッド・ストーリーブック・ヴォヤッジ
14%
東京ディズニーランド チップとデールのツリーハウス
13%
東京ディズニーランド ドナルドのボート
13%
東京ディズニーシー ディズニーシー・エレクトリックレールウェイ
13%
東京ディズニーシー ディズニーシー・エレクトリックレールウェイ
13%
東京ディズニーシー ニモ&フレンズ・シーライダー
13%
東京ディズニーランド ビーバーブラザーズのカヌー探険
12%
東京ディズニーランド シンデレラのフェアリーテイル・ホール
11%
東京ディズニーシー ディズニーシー・トランジットスチーマーライン
11%
東京ディズニーシー ディズニーシー・トランジットスチーマーライン
11%
東京ディズニーシー ディズニーシー・トランジットスチーマーライン
11%
東京ディズニーシー マーメイドラグーン アリエルのプレイグラウンド
11%
東京ディズニーシー ジャンピン・ジェリーフィッシュ
11%
東京ディズニーランド ウエスタンランド ウエスタンランド・シューティングギャラリー
10%
東京ディズニーシー フランダーのフライングフィッシュコースター
10%
東京ディズニーランド トゥーンパーク
9%
東京ディズニーシー スカットルのスクーター
9%
東京ディズニーシー ワールプール
9%
東京ディズニーランド グーフィーのペイント&プレイハウス
8%
東京ディズニーシー フォートレス・エクスプロレーション
6%
東京ディズニーシー ビッグシティ・ヴィークル
6%
東京ディズニーシー ブローフィッシュ・バルーンレース
5%
No matching quizzes found
Score Distribution
Percent of People with Each Score
Percentile by Number Answered
Your Score History
You have not taken this quiz